Konwergencja gospodarcza w krajach OECD w swietle zagregowanych modeli wzrostu

Saved in:
Bibliographic Details
Main Author: Malaga, Krzysztof
Format: Book
Language:Polish
Published: Poznan Wydawnictwo Akademii Ekonomicznej w Poznaniu 2004
Series:Prace habilitacyjne 10
Subjects:
Tags: Add Tag
No Tags, Be the first to tag this record!

MARC

LEADER 00000nam$a2200000$$$4500
001 0022910
005 20250509105322.2
020 |a 83-89224-86-0 
041 0 |a pol 
044 |a PL 
245 1 0 |a Konwergencja gospodarcza w krajach OECD w swietle zagregowanych modeli wzrostu  |c Krzysztof Malaga 
264 1 |a Poznan  |b Wydawnictwo Akademii Ekonomicznej w Poznaniu  |c 2004 
300 |a 302 s. 
490 1 |a Prace habilitacyjne  |v 10 
830 0 |a Prace habilitacyjne  |v 10 
610 2 0 |a konvergencia 
610 2 0 |a politika hospodárska 
610 2 0 |a modely rastu 
610 2 0 |a makroekonomika 
610 2 0 |a OECD 
100 1 |a Malaga, Krzysztof